Kabus pagi

Bibliographic Details
Main Author: Nordin Saad
Format: Book
Published: Kuala Lumpur : DBP , 1995
Subjects:

MARC

LEADER 00000cam a2200000 7i4500
001 0000007465
002 000008024
005 20000330.0
020 |a 9836244395 
090 0 0 |a F   |b NOR 
100 0 |a Nordin Saad 
245 1 0 |a Kabus pagi   |c Nordin Saad 
260 |a Kuala Lumpur :   |b DBP ,   |c 1995 
300 |a 104 p. ;   |c 18 cm. 
650 0 0 |a General fiction, Malay 
999 |a 052189   |b BUKU   |c PINJAMAN   |e PERPUSTAKAAN KOMUNITI PETALING JAYA 
999 |a 052190   |b BUKU   |c PINJAMAN   |e PERPUSTAKAAN KOMUNITI PETALING JAYA 
999 |a 052191   |b BUKU   |c PINJAMAN   |e PERPUSTAKAAN KOMUNITI PETALING JAYA 
999 |a 058270   |b BUKU   |c PINJAMAN   |e PERPUSTAKAAN KOMUNITI PETALING JAYA